[Event "V4 OPEN - International Championship of Slovakia 2
[Site "Banska Stiavnica"]
[Date "2013.07.06"]
[Round "1"]
[Board "1"]
[White "Kleman, Miroslav"]
[Black "Banusz, Tamas"]
[Result "0-1"]
[WhiteElo "2207"]
[BlackElo "2588"]
[PlyCount "0"]
[EventDate "2013.07.06"]
[EventRounds "9"]
[EventCountry "SVK"]

1. e4 {[%clk 1:24:18]} e5 {[%clk 1:28:47]} 2. f4 {[%clk 1:24:35]} d5
{[%clk 1:28:32]} 3. d4 {[%clk 1:21:09]} exd4 {[%clk 1:26:35]} 4. exd5
{[%clk 1:17:16]} Qxd5 {[%clk 1:23:04]} 5. Nf3 {[%clk 1:17:31]} Nc6
{[%clk 1:20:33]} 6. Bd3 {[%clk 1:15:10]} Bg4 {[%clk 1:18:06]} 7. O-O
{[%clk 1:15:25]} O-O-O {[%clk 1:17:42]} 8. Nbd2 {[%clk 1:13:43]} Nf6
{[%clk 1:15:24]} 9. h3 {[%clk 1:13:44]} Bf5 {[%clk 1:12:30]} 10. Bc4
{[%clk 1:10:36]} Qc5 {[%clk 1:11:46]} 11. Bd3 {[%clk 0:59:17]} Bxd3
{[%clk 1:10:08]} 12. cxd3 {[%clk 0:59:45]} Nd5 {[%clk 1:07:36]} 13. Nc4
{[%clk 0:57:18]} Ne3 {[%clk 1:04:32]} 14. Bxe3 {[%clk 0:53:03]} dxe3
{[%clk 1:04:32]} 15. Qe2 {[%clk 0:53:25]} Bd6 {[%clk 1:01:38]} 16. g3
{[%clk 0:52:12]} Rhe8 {[%clk 1:00:33]} 17. a3 {[%clk 0:52:31]} Bf8
{[%clk 0:55:26]} 18. Rac1 {[%clk 0:50:44]} Qf5 {[%clk 0:51:20]} 19. Nfe5
{[%clk 0:45:50]} Qxh3 {[%clk 0:46:07]} 20. Nxe3 {[%clk 0:12:08]} Nxe5
{[%clk 0:44:21]} 21. fxe5 {[%clk 0:11:33]} Qxg3+ {[%clk 0:44:28]} 22. Ng2
{[%clk 0:12:00]} Rxe5 {[%clk 0:44:17]} 0-1

[Event "V4 OPEN - International Championship of Slovakia 2
[Site "Banska Stiavnica"]
[Date "2013.07.06"]
[Round "1"]
[Board "2"]
[White "Markos, Jan"]
[Black "Skara, Vladimir"]
[Result "1-0"]
[WhiteElo "2580"]
[BlackElo "2205"]
[PlyCount "0"]
[EventDate "2013.07.06"]
[EventRounds "9"]
[EventCountry "SVK"]

1. d4 {[%clk 1:30:59]} e6 {[%clk 1:26:28]} 2. c4 {[%clk 1:31:22]} Nf6
{[%clk 1:26:53]} 3. Nf3 {[%clk 1:30:59]} c5 {[%clk 1:27:18]} 4. d5
{[%clk 1:29:28]} exd5 {[%clk 1:27:43]} 5. cxd5 {[%clk 1:29:51]} d6
{[%clk 1:28:11]} 6. Nc3 {[%clk 1:30:09]} g6 {[%clk 1:28:36]} 7. g3
{[%clk 1:25:28]} Bg7 {[%clk 1:29:01]} 8. Bg2 {[%clk 1:25:54]} O-O
{[%clk 1:29:25]} 9. O-O {[%clk 1:26:21]} Re8 {[%clk 1:26:47]} 10. Nd2
{[%clk 1:18:04]} b6 {[%clk 1:23:20]} 11. a4 {[%clk 1:13:08]} Na6 {[%clk 1:17:57]}
12. Nc4 {[%clk 1:09:25]} Nc7 {[%clk 1:18:05]} 13. Bf4 Bf8 14. Qd2
{[%clk 0:51:25]} Ba6 15. b3 Rb8 {[%clk 1:16:25]} 16. Rfe1 {[%clk 0:50:57]} Nh5
{[%clk 1:06:05]} 17. Bg5 {[%clk 0:49:35]} Qd7 {[%clk 1:00:35]} 18. Bf3
{[%clk 0:45:13]} Ng7 {[%clk 0:59:59]} 19. Ne4 {[%clk 0:45:19]} Rxe4
{[%clk 1:00:18]} 20. Bxe4 {[%clk 0:45:41]} Re8 {[%clk 0:54:04]} 21. Bg2
{[%clk 0:45:20]} Nf5 {[%clk 0:53:57]} 22. Bh3 {[%clk 0:39:53]} Re4
{[%clk 0:54:00]} 23. Bf6 {[%clk 0:36:22]} Bxc4 {[%clk 0:39:30]} 24. bxc4
{[%clk 0:36:38]} Rxc4 {[%clk 0:39:52]} 25. Qd3 {[%clk 0:34:50]} Rxa4
{[%clk 0:40:17]} 26. e4 {[%clk 0:31:51]} c4 {[%clk 0:40:17]} 27. Qd1
{[%clk 0:31:33]} Rxa1 {[%clk 0:39:14]} 28. Bxa1 {[%clk 0:31:45]} 1-0

[Event "V4 OPEN - International Championship of Slovakia 2
[Site "Banska Stiavnica"]
[Date "2013.07.06"]
[Round "1"]
[Board "4"]
[White "Petrik, Tomas"]
[Black "Kalisky, Vladimir"]
[Result "1-0"]
[WhiteElo "2512"]
[BlackElo "2195"]
[PlyCount "0"]
[EventDate "2013.07.06"]
[EventRounds "9"]
[EventCountry "SVK"]

1. e4 {[%clk 1:08:00]} e5 {[%clk 1:30:31]} 2. Nf3 {[%clk 1:08:23]} Nc6
{[%clk 1:30:57]} 3. Bb5 {[%clk 1:08:43]} Nf6 {[%clk 1:31:08]} 4. O-O
{[%clk 1:08:42]} Bc5 {[%clk 1:31:18]} 5. Nxe5 {[%clk 1:07:25]} Nxe4
{[%clk 1:31:21]} 6. Qe2 {[%clk 1:05:48]} Nxe5 {[%clk 1:28:48]} 7. Qxe4
{[%clk 1:05:28]} Qe7 {[%clk 1:29:11]} 8. Nc3 {[%clk 1:05:02]} Ng6
{[%clk 1:26:21]} 9. Qxe7+ {[%clk 1:03:28]} Kxe7 {[%clk 1:26:16]} 10. Ne4
{[%clk 1:00:00]} Bb4 {[%clk 1:22:52]} 11. a3 {[%clk 0:38:43]} Ba5
{[%clk 1:22:13]} 12. b4 {[%clk 0:38:22]} Bb6 {[%clk 1:21:38]} 13. Bb2
{[%clk 0:38:31]} d5 {[%clk 1:20:11]} 14. Ng5 {[%clk 0:33:59]} c6 {[%clk 1:17:23]}
15. Rfe1+ {[%clk 0:26:15]} Kf8 {[%clk 1:10:29]} 16. Bf1 {[%clk 0:23:56]} f6
{[%clk 1:05:38]} 17. Ne6+ {[%clk 0:20:30]} Bxe6 {[%clk 1:03:07]} 18. Rxe6
{[%clk 0:20:54]} Kf7 {[%clk 1:03:33]} 19. Ree1 {[%clk 0:20:38]} Ne5
{[%clk 1:02:54]} 20. Bxe5 {[%clk 0:16:42]} fxe5 {[%clk 1:03:18]} 21. Rxe5
{[%clk 0:17:03]} Bd4 {[%clk 1:03:23]} 22. Ree1 {[%clk 0:11:37]} Bxa1
{[%clk 1:03:11]} 23. Rxa1 {[%clk 0:12:03]} Rhe8 {[%clk 0:59:01]} 24. f3
{[%clk 0:09:02]} Ke6 {[%clk 0:51:09]} 25. Kf2 {[%clk 0:08:27]} Kd6
{[%clk 0:51:28]} 26. a4 {[%clk 0:06:52]} a5 {[%clk 0:48:28]} 27. b5
{[%clk 0:06:48]} Kc5 {[%clk 0:45:20]} 28. Rb1 {[%clk 0:06:41]} Re7
{[%clk 0:44:52]} 29. Bd3 {[%clk 0:06:09]} h6 {[%clk 0:44:47]} 30. h4
{[%clk 0:03:42]} Rf8 {[%clk 0:45:02]} 31. g3 {[%clk 0:03:13]} Rf6
{[%clk 0:41:49]} 32. f4 {[%clk 0:02:32]} Rfe6 {[%clk 0:35:03]} 33. h5
{[%clk 0:00:58]} Re8 {[%clk 0:33:43]} 34. Ra1 {[%clk 0:00:46]} Kb4
{[%clk 0:31:12]} 35. c3+ {[%clk 0:00:49]} Kb3 {[%clk 0:21:32]} 36. Rb1+
{[%clk 0:01:02]} Ka2 {[%clk 0:15:50]} 37. bxc6 {[%clk 0:00:44]} bxc6
{[%clk 0:16:12]} 38. Rb6 {[%clk 0:01:08]} Ka3 {[%clk 0:07:11]} 39. Ra6
{[%clk 0:01:30]} Re1 {[%clk 0:05:06]} 40. Rxa5 {[%clk 0:00:34]} Rd1
{[%clk 0:05:28]} 41. Bg6 {[%clk 0:24:54]} Rxd2+ {[%clk 0:35:18]} 42. Kf3
{[%clk 0:25:19]} Re7 {[%clk 0:32:56]} 43. Rc5 {[%clk 0:22:28]} Re6
{[%clk 0:28:37]} 44. a5 {[%clk 0:17:20]} Kb3 {[%clk 0:18:54]} 45. Kg4
{[%clk 0:13:57]} Rde2 {[%clk 0:15:11]} 46. a6 {[%clk 0:06:12]} Ra2
{[%clk 0:14:26]} 47. Bf5 {[%clk 0:06:28]} Re3 {[%clk 0:12:33]} 48. Rxc6
{[%clk 0:06:25]} Rxc3 {[%clk 0:12:15]} 49. Rd6 {[%clk 0:05:18]} Rc5
{[%clk 0:06:19]} 50. Be6 {[%clk 0:04:02]} Kc3 {[%clk 0:06:48]} 51. Bxd5
{[%clk 0:03:02]} Rd2 {[%clk 0:07:16]} 52. a7 {[%clk 0:02:42]} Ra5
{[%clk 0:07:45]} 53. Rd7 {[%clk 0:02:24]} Kb4 {[%clk 0:07:36]} 54. Rb7+
{[%clk 0:01:49]} Kc5 {[%clk 0:08:00]} 55. Be4 {[%clk 0:00:53]} Rda2
{[%clk 0:08:08]} 56. Rc7+ {[%clk 0:01:17]} Kd6 {[%clk 0:08:09]} 57. Rxg7
{[%clk 0:01:44]} Rxa7 {[%clk 0:08:30]} 58. Rg6+ {[%clk 0:02:10]} Kc5
{[%clk 0:07:59]} 59. Rxh6 {[%clk 0:02:30]} Kd4 {[%clk 0:08:21]} 60. Bf5
{[%clk 0:02:22]} Ke3 {[%clk 0:07:43]} 61. Rd6 {[%clk 0:01:41]} Rh2
{[%clk 0:07:11]} 62. h6 {[%clk 0:01:56]} Ra8 {[%clk 0:07:35]} 63. h7
{[%clk 0:00:41]} Rh8 {[%clk 0:07:47]} 64. Rd3+ {[%clk 0:00:41]} Ke2
{[%clk 0:08:11]} 65. Ra3 {[%clk 0:01:09]} Rh6 {[%clk 0:07:42]} 66. Kg5
{[%clk 0:01:30]} Rb6 {[%clk 0:07:51]} 67. g4 {[%clk 0:00:43]} Kf2
{[%clk 0:07:30]} 68. Bg6 {[%clk 0:00:46]} 1-0

[Event "V4 OPEN - International Championship of Slovakia 2
[Site "Banska Stiavnica"]
[Date "2013.07.06"]
[Round "1"]
[Board "5"]
[White "Horvath, Julia"]
[Black "Leniart, Arkadiusz"]
[Result "1/2-1/2"]
[WhiteElo "2183"]
[BlackElo "2473"]
[PlyCount "0"]
[EventDate "2013.07.06"]
[EventRounds "9"]
[EventCountry "SVK"]

1. d4 {[%clk 1:30:22]} Nf6 {[%clk 1:30:38]} 2. c4 {[%clk 1:30:39]} e6
{[%clk 1:31:02]} 3. Nf3 {[%clk 1:31:01]} d5 {[%clk 1:31:25]} 4. e3
{[%clk 1:31:22]} Be7 {[%clk 1:31:12]} 5. Nc3 {[%clk 1:31:43]} O-O
{[%clk 1:31:28]} 6. Be2 {[%clk 1:32:00]} b6 {[%clk 1:30:18]} 7. cxd5
{[%clk 1:32:16]} exd5 {[%clk 1:30:22]} 8. O-O {[%clk 1:32:22]} c5
{[%clk 1:26:36]} 9. b3 {[%clk 1:31:05]} Bb7 {[%clk 1:20:56]} 10. Bb2
{[%clk 1:31:24]} Nbd7 {[%clk 1:20:50]} 11. Rc1 {[%clk 1:29:04]} Rc8
{[%clk 1:18:38]} 12. dxc5 {[%clk 1:24:21]} bxc5 {[%clk 1:18:25]} 13. Qd2
{[%clk 1:21:39]} h6 {[%clk 1:09:35]} 14. Rfd1 {[%clk 1:21:58]} Qb6
{[%clk 1:06:45]} 15. Rc2 {[%clk 1:10:37]} Rfd8 {[%clk 1:01:59]} 16. Qc1
{[%clk 1:09:01]} Qe6 {[%clk 1:01:07]} 17. Re1 {[%clk 0:59:53]} Nb6
{[%clk 0:54:24]} 18. Nb5 {[%clk 0:45:18]} a6 {[%clk 0:52:26]} 19. Na3
{[%clk 0:45:42]} Ne4 {[%clk 0:48:31]} 20. Bd3 {[%clk 0:43:16]} Nd7
{[%clk 0:45:53]} 21. Qa1 {[%clk 0:39:15]} Bf8 {[%clk 0:41:57]} 22. Rcc1
{[%clk 0:30:39]} Ndf6 {[%clk 0:35:18]} 23. h3 {[%clk 0:26:43]} Bd6
{[%clk 0:23:05]} 24. Nb1 {[%clk 0:23:31]} Bb8 {[%clk 0:15:28]} 25. Nbd2
{[%clk 0:12:59]} Nxd2 {[%clk 0:09:57]} 26. Nxd2 {[%clk 0:13:23]} d4
{[%clk 0:08:43]} 27. exd4 {[%clk 0:07:40]} Qd6 {[%clk 0:08:05]} 28. Nf1
{[%clk 0:07:43]} cxd4 {[%clk 0:06:47]} 29. Rxc8 {[%clk 0:07:30]} Bxc8
{[%clk 0:07:13]} 30. Qc1 {[%clk 0:05:57]} Bb7 {[%clk 0:06:57]} 31. Ba3
{[%clk 0:05:46]} Qd5 {[%clk 0:06:28]} 32. f3 {[%clk 0:05:50]} Rc8
{[%clk 0:05:21]} 33. Qd2 {[%clk 0:06:07]} Bd6 {[%clk 0:02:50]} 34. Bc4
{[%clk 0:03:02]} Qc6 {[%clk 0:03:17]} 35. Bxd6 {[%clk 0:03:09]} Qxd6
{[%clk 0:03:42]} 36. Qd3 {[%clk 0:03:16]} Rc5 {[%clk 0:03:12]} 37. Rd1
{[%clk 0:03:03]} Rg5 {[%clk 0:03:15]} 38. Rd2 {[%clk 0:02:29]} Nh5
{[%clk 0:02:39]} 39. Qxd4 {[%clk 0:01:59]} Qxd4+ {[%clk 0:02:14]} 40. Rxd4
{[%clk 0:02:23]} Bxf3 {[%clk 0:02:26]} 41. Rd8+ {[%clk 0:01:01]} Kh7
{[%clk 0:02:49]} 42. g4 {[%clk 0:00:38]} Nf4 {[%clk 0:30:12]} 43. Kf2
{[%clk 0:30:09]} Bd5 {[%clk 0:29:23]} 44. Bxa6 {[%clk 0:26:35]} Nxh3+
{[%clk 0:26:51]} 45. Kg3 {[%clk 0:26:18]} Ng1 {[%clk 0:26:55]} 46. Bd3+
{[%clk 0:25:35]} g6 {[%clk 0:27:20]} 47. Ne3 {[%clk 0:24:58]} Be6
{[%clk 0:26:42]} 48. Kg2 {[%clk 0:23:12]} Re5 {[%clk 0:26:47]} 49. Nc4
{[%clk 0:19:52]} Re1 {[%clk 0:27:13]} 50. Kf2 {[%clk 0:18:40]} Ra1
{[%clk 0:27:25]} 51. Bf1 {[%clk 0:17:11]} Nf3 {[%clk 0:27:13]} 52. Be2
{[%clk 0:14:02]} Ng5 {[%clk 0:25:45]} 53. a4 {[%clk 0:13:41]} Ne4+
{[%clk 0:24:53]} 54. Ke3 {[%clk 0:12:15]} Nc5 {[%clk 0:22:39]} 55. Rb8
{[%clk 0:10:00]} Rb1 {[%clk 0:18:10]} 56. Nd2 {[%clk 0:09:39]} Rb2
{[%clk 0:13:50]} 57. a5 {[%clk 0:09:04]} Nd7 {[%clk 0:08:55]} 58. Rb7
{[%clk 0:09:15]} Ra2 {[%clk 0:07:41]} 59. b4 {[%clk 0:09:03]} Nf6
{[%clk 0:07:43]} 60. Bc4 {[%clk 0:05:36]} Nxg4+ {[%clk 0:07:46]} 61. Kf4
{[%clk 0:04:28]} g5+ {[%clk 0:07:18]} 62. Ke4 {[%clk 0:03:28]} Nf6+
{[%clk 0:06:44]} 63. Kd3 {[%clk 0:02:50]} Ra3+ {[%clk 0:05:48]} 64. Kc2
{[%clk 0:03:13]} Nd5 {[%clk 0:05:10]} 65. Kb2 {[%clk 0:02:53]} Ra4
{[%clk 0:04:55]} 66. Kb3 {[%clk 0:02:48]} Ra1 {[%clk 0:04:59]} 67. a6
{[%clk 0:02:34]} Nxb4 {[%clk 0:04:25]} 68. Bxe6 {[%clk 0:02:16]} Nxa6
{[%clk 0:04:45]} 69. Kb2 {[%clk 0:01:49]} Rd1 {[%clk 0:04:20]} 70. Rxf7+
{[%clk 0:02:07]} Kg6 {[%clk 0:04:38]} 71. Kc2 {[%clk 0:02:26]} Re1
{[%clk 0:04:28]} 72. Bc4 {[%clk 0:02:45]} Nb4+ {[%clk 0:04:38]} 73. Kc3
{[%clk 0:03:02]} Rc1+ {[%clk 0:04:55]} 74. Kxb4 {[%clk 0:03:20]} Rxc4+
{[%clk 0:05:20]} 75. Kxc4 {[%clk 0:03:46]} Kxf7 {[%clk 0:05:48]} 76. Kd5
{[%clk 0:04:04]} Kg6 {[%clk 0:06:05]} 77. Ke4 {[%clk 0:04:31]} Kh5
{[%clk 0:06:30]} 78. Kf3 {[%clk 0:04:45]} Kh4 {[%clk 0:06:54]

[Event "V4 OPEN - International Championship of Slovakia 2
[Site "Banska Stiavnica"]
[Date "2013.07.06"]
[Round "1"]
[Board "6"]
[White "Likavsky, Tomas"]
[Black "Gbyl, Andrzej"]
[Result "1-0"]
[WhiteElo "2458"]
[BlackElo "2174"]
[PlyCount "79"]
[EventDate "2013.07.06"]
[EventRounds "9"]
[EventCountry "SVK"]

1. d4 d5 2. c4 c6 3. Nf3 Nf6 4. e3 Bf5 5. Nc3 e6 6. Nh4 Be4 7. f3 Bg6 8. Qb3
Qb6 9. Nxg6 hxg6 10. g3 Nbd7 11. Kf2 Be7 12. Bd2 g5 13. Kg2 Rd8 14. Qxb6 axb6
15. cxd5 Nxd5 16. Nxd5 exd5 17. a4 Ra8 18. Bd3 Nf6 19. h3 O-O 20. b3 Rfd8 21.
Rac1 Nd7 22. g4 Nf8 23. Be1 Re8 24. Bg3 Bf6 25. Kf2 g6 26. h4 gxh4 27. Bxh4 Bg7
28. f4 f6 29. Bg3 Kf7 30. f5 g5 31. Bc7 Rec8 32. Bd6 Ke8 33. Bg3 Kd7 34. e4
dxe4 35. Bxe4 Re8 36. Kf3 Kd8 37. d5 c5 38. d6 Ra7 39. Bd3 Nd7 40. Bb5 1-0

[Event "V4 OPEN - International Championship of Slovakia 2
[Site "Banska Stiavnica"]
[Date "2013.07.06"]
[Round "1"]
[Board "7"]
[White "Banduka, Zeljko"]
[Black "Fodor, Tamas Jr."]
[Result "0-1"]
[WhiteElo "2168"]
[BlackElo "2455"]
[PlyCount "0"]
[EventDate "2013.07.06"]
[EventRounds "9"]
[EventCountry "SVK"]

1. d4 {[%clk 1:30:57]} d5 {[%clk 1:28:19]} 2. g3 {[%clk 1:31:12]} c6
{[%clk 1:28:01]} 3. Nf3 {[%clk 1:31:16]} Nf6 {[%clk 1:28:10]} 4. c4
{[%clk 1:30:40]} dxc4 {[%clk 1:27:26]} 5. Bg2 {[%clk 1:30:29]} b5
{[%clk 1:19:07]} 6. Ne5 {[%clk 1:29:26]} Bb7 {[%clk 1:18:40]} 7. a4
{[%clk 1:27:31]} a6 {[%clk 1:15:24]} 8. b3 {[%clk 1:20:05]} cxb3 {[%clk 1:14:20]}
9. Ba3 {[%clk 1:16:31]} b2 {[%clk 1:04:05]} 10. Ra2 {[%clk 1:01:25]} Nfd7
{[%clk 0:50:04]} 11. Qb3 {[%clk 0:49:09]} e6 {[%clk 0:42:42]} 12. Bxf8
{[%clk 0:47:07]} Nxf8 {[%clk 0:42:35]} 13. axb5 {[%clk 0:38:47]} axb5
{[%clk 0:41:05]} 14. Rxa8 {[%clk 0:39:14]} Bxa8 {[%clk 0:41:26]} 15. Qxb2
{[%clk 0:38:35]} Nfd7 {[%clk 0:40:53]} 16. Qa3 {[%clk 0:33:56]} Bb7
{[%clk 0:40:23]} 17. Nd3 {[%clk 0:20:46]} Qb6 {[%clk 0:37:59]} 18. O-O
{[%clk 0:15:28]} Qxd4 {[%clk 0:34:12]} 19. Nc3 {[%clk 0:14:58]} b4
{[%clk 0:33:46]} 20. Nxb4 {[%clk 0:12:24]} O-O {[%clk 0:34:03]} 21. Rd1
{[%clk 0:11:29]} Qb6 {[%clk 0:33:30]} 22. Rb1 {[%clk 0:10:48]} Qc7
{[%clk 0:33:13]} 23. Qa7 {[%clk 0:10:23]} Rc8 {[%clk 0:27:47]} 24. Nb5
{[%clk 0:04:56]} cxb5 {[%clk 0:26:53]} 25. Bxb7 {[%clk 0:03:29]} Rf8
{[%clk 0:26:09]} 26. Nd3 {[%clk 0:02:41]} Nc6 {[%clk 0:23:11]} 27. Qa6
{[%clk 0:02:50]} Nd4 {[%clk 0:23:16]} 28. Kf1 {[%clk 0:00:58]} Rb8
{[%clk 0:19:40]} 29. Be4 {[%clk 0:01:07]} Nf6 {[%clk 0:17:24]} 30. Rc1
{[%clk 0:00:58]} Qd8 {[%clk 0:17:31]} 31. Bg2 {[%clk 0:00:41]} h5
{[%clk 0:13:25]} 32. Ne5 {[%clk 0:00:42]} Ng4 {[%clk 0:12:00]} 33. Nxg4
{[%clk 0:00:35]} hxg4 {[%clk 0:12:25]} 34. Rd1 {[%clk 0:00:51]} Qc7
{[%clk 0:11:42]} 35. Be4 {[%clk 0:00:52]} Qe5 {[%clk 0:12:01]} 36. Qa7
{[%clk 0:00:59]} Qxe4 {[%clk 0:11:41]} 37. Qxb8+ {[%clk 0:01:25]} Kh7
{[%clk 0:12:06]} 38. Kg1 {[%clk 0:00:34]} Nxe2+ {[%clk 0:12:29]} 39. Kf1
{[%clk 0:00:54]} Nc3 {[%clk 0:12:53]} 0-1

[Event "V4 OPEN - International Championship of Slovakia 2
[Site "Banska Stiavnica"]
[Date "2013.07.06"]
[Round "1"]
[Board "8"]
[White "Pacher, Milan"]
[Black "Demeter, Peter"]
[Result "1-0"]
[WhiteElo "2455"]
[BlackElo "2168"]
[PlyCount "0"]
[EventDate "2013.07.06"]
[EventRounds "9"]
[EventCountry "SVK"]

1. e4 {[%clk 1:30:56]} c5 {[%clk 1:30:55]} 2. Nf3 {[%clk 1:31:21]} d6
{[%clk 1:31:20]} 3. d4 {[%clk 1:31:46]} cxd4 {[%clk 1:31:41]} 4. Qxd4
{[%clk 1:32:12]} Nc6 {[%clk 1:30:50]} 5. Bb5 {[%clk 1:32:36]} Bd7
{[%clk 1:31:09]} 6. Bxc6 {[%clk 1:33:01]} Bxc6 {[%clk 1:31:34]} 7. Nc3
{[%clk 1:33:26]} Qb6 {[%clk 1:26:15]} 8. Qd3 {[%clk 1:23:53]} e6 {[%clk 1:19:15]}
9. O-O {[%clk 1:23:32]} Nf6 {[%clk 1:19:04]} 10. a4 {[%clk 1:20:27]} Be7
{[%clk 1:14:12]} 11. Be3 {[%clk 1:19:39]} Qa5 {[%clk 1:04:21]} 12. Nd2
{[%clk 1:15:54]} O-O {[%clk 1:01:21]} 13. Nb5 {[%clk 1:14:51]} d5
{[%clk 0:45:13]} 14. e5 {[%clk 1:14:06]} Nd7 {[%clk 0:36:55]} 15. f4
{[%clk 1:13:40]} Nc5 {[%clk 0:33:07]} 16. Bxc5 {[%clk 1:11:13]} Bxc5+
{[%clk 0:33:30]} 17. Kh1 {[%clk 1:11:39]} Bxb5 {[%clk 0:32:32]} 18. axb5
{[%clk 1:11:59]} Qc7 {[%clk 0:31:49]} 19. Nf3 {[%clk 1:10:49]} Be7
{[%clk 0:29:04]} 20. Nd4 {[%clk 1:07:46]} Qc4 {[%clk 0:27:40]} 21. Qxc4
{[%clk 1:02:43]} dxc4 {[%clk 0:27:26]} 22. Ra4 {[%clk 1:03:00]} Rfc8
{[%clk 0:24:45]} 23. c3 {[%clk 1:02:05]} Bd8 {[%clk 0:20:55]} 24. f5
{[%clk 1:01:44]} Bb6 {[%clk 0:20:30]} 25. fxe6 {[%clk 1:01:41]} fxe6
{[%clk 0:20:51]} 26. Nxe6 {[%clk 1:02:05]} Re8 {[%clk 0:20:38]} 27. Nf4
{[%clk 0:56:36]} Rxe5 {[%clk 0:20:19]} 28. Rxc4 {[%clk 0:56:45]} Rxb5
{[%clk 0:20:34]} 29. b4 {[%clk 0:56:19]} Rf8 {[%clk 0:17:48]} 30. Rd1
{[%clk 0:52:23]} Re5 {[%clk 0:15:43]} 31. h4 {[%clk 0:50:54]} Bd8
{[%clk 0:10:23]} 32. Rd5 {[%clk 0:48:23]} Re1+ {[%clk 0:07:17]} 33. Kh2
{[%clk 0:48:50]} Bb6 {[%clk 0:07:35]} 34. Rd7 {[%clk 0:47:00]} Be3
{[%clk 0:05:04]} 35. Nh5 {[%clk 0:43:20]} Kh8 {[%clk 0:02:47]} 36. Rxb7
{[%clk 0:41:54]} Bg1+ {[%clk 0:03:00]} 37. Kh3 {[%clk 0:42:00]} Bf2
{[%clk 0:03:15]} 38. g3 {[%clk 0:40:54]} Rh1+ {[%clk 0:02:44]} 39. Kg4
{[%clk 0:38:49]} Rg1 {[%clk 0:02:19]} 40. Rf7 {[%clk 0:38:30]} 1-0

[Event "V4 OPEN - International Championship of Slovakia 2
[Site "Banska Stiavnica"]
[Date "2013.07.06"]
[Round "1"]
[Board "9"]
[White "Dolnak, Michal"]
[Black "Cernousek, Lukas"]
[Result "1-0"]
[WhiteElo "2167"]
[BlackElo "2454"]
[PlyCount "0"]
[EventDate "2013.07.06"]
[EventRounds "9"]
[EventCountry "SVK"]

1. d4 {[%clk 1:30:45]} Nf6 {[%clk 1:20:54]} 2. c4 {[%clk 1:31:01]} e6
{[%clk 1:21:17]} 3. Nf3 {[%clk 1:31:16]} c5 {[%clk 1:17:22]} 4. d5
{[%clk 1:30:57]} exd5 {[%clk 1:17:31]} 5. cxd5 {[%clk 1:31:20]} g6
{[%clk 1:17:41]} 6. Nc3 {[%clk 1:31:00]} d6 {[%clk 1:14:53]} 7. e4
{[%clk 1:25:59]} Bg7 {[%clk 1:10:36]} 8. h3 {[%clk 1:24:19]} O-O {[%clk 1:10:16]}
9. Bd3 {[%clk 1:23:21]} a6 {[%clk 1:07:21]} 10. a4 {[%clk 1:23:33]} Nh5
{[%clk 1:07:37]} 11. O-O {[%clk 1:22:18]} Nd7 {[%clk 1:08:01]} 12. Be2
{[%clk 1:15:22]} Re8 {[%clk 1:06:46]} 13. Qc2 {[%clk 1:08:35]} Ne5
{[%clk 1:03:19]} 14. Nxe5 {[%clk 1:04:17]} Bxe5 {[%clk 1:03:46]} 15. Bxh5
{[%clk 0:57:45]} gxh5 {[%clk 1:04:14]} 16. Ne2 {[%clk 0:53:49]} Qh4
{[%clk 0:55:41]} 17. Ra3 {[%clk 0:47:58]} Kh8 {[%clk 0:53:58]} 18. f4
{[%clk 0:45:15]} Bg7 {[%clk 0:54:09]} 19. Bd2 {[%clk 0:41:43]} Bd7
{[%clk 0:38:34]} 20. Rg3 {[%clk 0:32:51]} Rg8 {[%clk 0:37:16]} 21. Bc3
{[%clk 0:27:29]} Qe7 {[%clk 0:31:33]} 22. Bxg7+ {[%clk 0:20:00]} Rxg7
{[%clk 0:30:31]} 23. Rxg7 {[%clk 0:20:18]} Kxg7 {[%clk 0:29:47]} 24. Qc3+
{[%clk 0:18:07]} Kh6 {[%clk 0:29:40]} 25. e5 {[%clk 0:17:02]} Rg8
{[%clk 0:22:08]} 26. Rf3 {[%clk 0:11:11]} h4 {[%clk 0:21:15]} 27. Qe3
{[%clk 0:09:56]} Bf5 {[%clk 0:21:37]} 28. exd6 {[%clk 0:08:50]} Qxd6
{[%clk 0:17:43]} 29. Nc3 {[%clk 0:08:01]} b5 {[%clk 0:05:11]} 30. axb5
{[%clk 0:06:18]} axb5 {[%clk 0:05:41]} 31. Qf2 {[%clk 0:05:04]} Kh5
{[%clk 0:05:27]} 32. Nxb5 {[%clk 0:04:05]} Qxd5 {[%clk 0:04:55]} 33. Nc3
{[%clk 0:04:26]} Qc6 {[%clk 0:03:20]} 34. Re3 {[%clk 0:04:09]} f6
{[%clk 0:03:12]} 35. Qe2+ {[%clk 0:03:53]} Kh6 {[%clk 0:03:11]} 36. Qf2
{[%clk 0:04:02]} Kh5 {[%clk 0:03:21]} 37. Kh2 {[%clk 0:02:03]} Bc8
{[%clk 0:00:45]} 38. Re7 {[%clk 0:01:26]} Bf5 {[%clk 0:00:58]} 39. Re3
{[%clk 0:01:25]} Rg7 {[%clk 0:00:45]} 40. Qe2+ {[%clk 0:00:59]} Kh6
{[%clk 0:01:11]} 41. Qf2 {[%clk 0:28:15]} Kh5 {[%clk 0:31:58]} 42. Ne4
{[%clk 0:25:16]} Bxe4 {[%clk 0:27:57]} 43. Qe2+ {[%clk 0:25:24]} Bf3
{[%clk 0:28:21]} 44. Rxf3 {[%clk 0:25:45]} Kh6 {[%clk 0:28:46]} 45. Qf2
{[%clk 0:19:13]} Kh5 {[%clk 0:29:14]} 46. Rc3 {[%clk 0:19:14]} Rc7
{[%clk 0:29:08]} 47. Qe2+ {[%clk 0:18:39]} Kh6 {[%clk 0:28:33]} 48. Qg4
{[%clk 0:17:23]} Rg7 {[%clk 0:26:30]} 49. Qxh4+ {[%clk 0:17:00]} Kg6
{[%clk 0:26:59]} 50. Qf2 {[%clk 0:17:17]} Rc7 {[%clk 0:26:39]} 51. Qc2+
{[%clk 0:16:01]} Kg7 {[%clk 0:26:28]} 52. Rc4 {[%clk 0:16:12]} 1-0

[Event "V4 OPEN - International Championship of Slovakia 2
[Site "Banska Stiavnica"]
[Date "2013.07.06"]
[Round "1"]
[Board "10"]
[White "Aczel, Gergely"]
[Black "Zatko, Gregor"]
[Result "1-0"]
[WhiteElo "2451"]
[BlackElo "2158"]
[PlyCount "0"]
[EventDate "2013.07.06"]
[EventRounds "9"]
[EventCountry "SVK"]

1. d4 {[%clk 1:30:56]} d5 {[%clk 1:30:54]} 2. c4 {[%clk 1:31:19]} c6
{[%clk 1:31:17]} 3. Nc3 {[%clk 1:31:33]} Nf6 {[%clk 1:31:41]} 4. e3
{[%clk 1:31:54]} a6 {[%clk 1:31:30]} 5. Nf3 {[%clk 1:32:15]} Bg4 {[%clk 1:31:27]}
6. Qb3 {[%clk 1:31:59]} b5 {[%clk 1:30:09]} 7. cxd5 {[%clk 1:31:57]} cxd5
{[%clk 1:29:44]} 8. a4 {[%clk 1:25:30]} bxa4 {[%clk 1:26:39]} 9. Qb7
{[%clk 1:00:45]} Nbd7 {[%clk 1:26:49]} 10. Ne5 {[%clk 0:55:44]} Nxe5
{[%clk 1:18:35]} 11. dxe5 {[%clk 0:56:06]} Ne4 {[%clk 1:12:44]} 12. Bxa6
{[%clk 0:51:18]} Nxc3 {[%clk 1:06:54]} 13. bxc3 {[%clk 0:51:40]} Bd7
{[%clk 1:06:08]} 14. Ba3 {[%clk 0:37:32]} e6 {[%clk 0:59:17]} 15. Bxf8
{[%clk 0:37:41]} Rxf8 {[%clk 0:58:17]} 16. Bb5 {[%clk 0:35:12]} Bxb5
{[%clk 0:56:12]} 17. Qxb5+ {[%clk 0:35:36]} Qd7 {[%clk 0:56:27]} 18. Qb6
{[%clk 0:32:29]} f6 {[%clk 0:52:37]} 19. exf6 {[%clk 0:32:43]} Rxf6
{[%clk 0:52:05]} 20. O-O {[%clk 0:32:57]} Kf7 {[%clk 0:46:22]} 21. Qd4
{[%clk 0:30:41]} Qc6 {[%clk 0:37:56]} 22. Rfc1 {[%clk 0:15:47]} Qc4
{[%clk 0:19:55]} 23. Qxc4 {[%clk 0:16:09]} dxc4 {[%clk 0:20:24]} 24. Ra3
{[%clk 0:16:28]} Rf5 {[%clk 0:20:29]} 25. Rb1 {[%clk 0:16:42]} Rd5
{[%clk 0:18:54]} 26. g3 {[%clk 0:16:03]} Kf6 {[%clk 0:16:10]} 27. Rb4
{[%clk 0:16:17]} Rc5 {[%clk 0:12:38]} 28. Raxa4 {[%clk 0:16:38]} Rac8
{[%clk 0:12:23]} 29. Kg2 {[%clk 0:14:39]} R8c7 {[%clk 0:12:32]} 30. f4
{[%clk 0:13:39]} g5 {[%clk 0:10:34]} 31. Kf3 {[%clk 0:12:49]} gxf4
{[%clk 0:11:02]} 32. gxf4 {[%clk 0:12:48]} e5 {[%clk 0:10:11]} 33. Rb6+
{[%clk 0:12:51]} R7c6 {[%clk 0:10:08]} 34. Raa6 {[%clk 0:12:57]} Rxb6
{[%clk 0:10:14]} 35. Rxb6+ {[%clk 0:13:26]} 1-0